000 00809nam a2200241 i 4500
001 bg
100 1 _aCYSEWSKA-SOBUSIAK, Anna
245 1 0 _aProblemy metrologiczne identyfikacji cech obiektu żywego poddanego nieinwazyjnej transiluminacji /
_cAnna Cysewska-Sobusiak ; Politechnika Poznańska.
260 _aPoznań :
_bWydaw. Politechniki Poznańskiej,
_c1995.
300 _a139 s. :
_brys. ;
_c24 cm.
490 1 _aRozprawy / Politechnika Poznańska,
_x0551-6528 ;
_vnr 303
504 _aBibliogr. s. 127-139. - Summ.
650 9 _aPomiary
650 9 _aOptyka
650 9 _aDiagnostyka
650 9 _aBiofizyka
830 0 _aRozprawy (Politechnika Poznańska) ;
_vnr 303
040 _cBPK
041 _apol
080 _a535.08:616-07
942 _cKS
008 s pl f |000 0 pol
999 _c30522
_d30522
856 _uhttp://koha.tu.koszalin.pl/cgi-bin/koha/opac-detail.pl?biblionumber=30522
_yKatalog online BPK